The pictorial encyclopedia / (Record no. 305536)
[ view plain ]
| 000 -LEADER | |
|---|---|
| fixed length control field | 00405nam a2200169Ia 4500 |
| 008 - FIXED-LENGTH DATA ELEMENTS--GENERAL INFORMATION | |
| fixed length control field | 170203s9999 xx 000 0 und d |
| 020 ## - INTERNATIONAL STANDARD BOOK NUMBER | |
| International Standard Book Number | 9780710508119 |
| 050 ## - LIBRARY OF CONGRESS CALL NUMBER | |
| Classification number | 30 |
| 050 ## - LIBRARY OF CONGRESS CALL NUMBER | |
| Item number | .T374 |
| 245 #4 - TITLE STATEMENT | |
| Title | The pictorial encyclopedia / |
| 260 ## - PUBLICATION, DISTRIBUTION, ETC. (IMPRINT) | |
| Place of publication, distribution, etc | England : |
| 260 ## - PUBLICATION, DISTRIBUTION, ETC. (IMPRINT) | |
| Name of publisher, distributor, etc | Peter Haddock Limited, |
| 300 ## - PHYSICAL DESCRIPTION | |
| Extent | 92 pages : |
| 300 ## - PHYSICAL DESCRIPTION | |
| Other physical details | illustrations ; |
| 650 ## - SUBJECT ADDED ENTRY--TOPICAL TERM | |
| Topical term or geographic name as entry element | Encyclopedias. |
| 650 ## - SUBJECT ADDED ENTRY--TOPICAL TERM | |
| General subdivision | Facts. |
| Withdrawn status | Lost status | Damaged status | Home library | Current library | Shelving location | Date acquired | Total Checkouts | Full call number | Barcode | Date last seen | Price effective from | Koha item type |
|---|---|---|---|---|---|---|---|---|---|---|---|---|
| Stonyhurst Southville International School (Batangas) | Stonyhurst Southville International School (Batangas) | 02/03/2017 | 030 .T374 | LS-1178 | 02/03/2017 | 02/03/2017 | Books |